01488 a2200193 45000010006000000050017000060080041000230030015000640400040000790800076001192450160001950200018003552500011003732640034003843000019004185050795004371000029012327000033012612272120260407155517.0260407a1999 arg spa dAR-UNSa-BCEJYS aAR-UNSa-BCEJYSbspacAR-UNSa-BCEJYS a336.233xTipos de contribución. Contribuciones a la Seguridad Social 10aProcedimiento tributario y de la seguridad socialpley 11.683(t.o.1998).decreto reglamentario 1397/79.régimen penal tributario y previsional (ley 24.769) a950-14-1718-2 a7a. ed 1aBuenos Aires :bDepalmac1999 a893 p.c22 cm. a1. Disposiciones generales - 2. Sujetos de los deberes - 3. Determinación y percepción de impuestos - 4. Del pago - 5. Verificación y fiscalización - 6. Intereses, ilícitos y sanciones - 7. Responsables de las sanciones - 8. De la prescripción - 9. Procedimiento penal y contencioso-administrativo - 10. Procedimiento contencioso-judicial - 11. Juicio de ejecución fiscal - 12. Disposiciones varias - 13. Régimen especial de fiscalización.presunción de exactitud - 14. Cuenta de jerarquización - 15. Régimen de actualización - 16. De la organización y competencia de los tribunales fiscales y actuación ante ellos - 17. De las acciones y recursos - 18. De la sentencia del tribunal - 19. Disposiciones generales - 20. Régimen penal tributario y previsional. 1 aNavarrine, Susana Camila1 aGiuliani Fonrouge, Carlos M.